Cartoons II Quiz Stats

 Plays Quiz Updated Jul 11, 2012

Support Sporcle.
Go Orange.
Score 0/24 Timer 05:00
3 Plays Today
% Correct
Pink Panther
98%
Family Guy
95.1%
Winnie-the-Pooh
89.5%
The Flintstones
87%
The Jetsons
85.1%
Curious George
84.6%
The Transformers
84.2%
Hey Arnold
78.3%
The Yogi Bear Show
76.6%
Mighty Mouse: The New Adventures
74.9%
Doug
74.5%
The Rocky and Bullwinkle Show
70.1%
% Correct
Johnny Bravo
69.4%
The Woody Woodpecker Show
67.4%
The Wild Thornberrys
56%
Chip 'n Dale Rescue Rangers
54.4%
Rocko's Modern Life
45%
The Tick
42.9%
Tiny Toon Adventures
38.9%
Daria
38.3%
G.I. Joe: A Real American Hero
33.2%
Rainbow Brite
29.2%
Danger Mouse
22.4%
Voltron
17.2%

You're not logged in!

Compare scores with friends on all Sporcle quizzes.
OR
Log In
Forgot?

From the Vault

Big 4 'Sporcle' Teams

by jayrodss7

Sports 6m
We aren't picking favorites or anything, but if we were...
Remove Ads.
Support Sporcle.
Get the best of Sporcle when you Go Orange. This ad-free experience offers more features, more stats, and more fun while also helping to support Sporcle. Thank you for becoming a member.

Show Comments

Extras

Top Quizzes Today


Score Distribution

Your Account Isn't Verified!

In order to create a playlist on Sporcle, you need to verify the email address you used during registration. Go to your Sporcle Settings to finish the process.

Report this User

Report this user for behavior that violates our Community Guidelines.

Details: